|
|
|
|
| LEADER |
00000nam a2200000 a 4500 |
| 001 |
vtls001474961 |
| 003 |
SK-MaSNL |
| 005 |
20260302073542.0 |
| 008 |
160624s2004 xo 0 und |
| 035 |
|
|
|a SNK000430262
|
| 040 |
|
|
|a SNK
|b slo
|c SNK
|e AACR2
|
| 044 |
|
|
|a xo
|c SK
|
| 245 |
1 |
|
|a STN EN ISO 18153 Diagnostické zdravotnícke pomôcky in vitro
|b meranie veličín v biologických vzorkách : metrologická nadväznosť hodnôt katalitickej koncentrácie enzýmov priradených kalibračným a kontrolným materiálom (ISO 18153: 2003)
|
| 250 |
|
|
|a [1.vyd.]
|
| 260 |
|
|
|a Bratislava
|b Slovenský ústav technickej normalizácie
|c 2004
|
| 500 |
0 |
|
|a táto norma nahrádza anglickú verziu STN EN ISO 18153 z februára 2004 v celom rozsahu
|
| 655 |
|
7 |
|a normy
|2 SNK
|9 70643
|
| 999 |
|
|
|c 1161278
|d 1163208
|
| 952 |
|
|
|t P60, <03>, [BOOK], {603}
|a SNK
|b SNK
|y PREZ
|7 0
|p 17A0428630
|o snkSTN EN ISO 18153
|i snkN 2212/2004
|0 0
|1 0
|4 0
|d 2004-05-18
|l 0
|r 2005-01-02 00:00:00
|w 2026-02-24
|
| 952 |
|
|
|t P66, <07>, [BOOK], {667}
|a SNK
|b SNK
|y PREZ
|7 0
|p 17A0428631
|o snkSTN EN ISO 18153 D1
|i snkN 2213/2004
|0 0
|1 0
|4 0
|d 2004-05-18
|l 0
|r 2005-01-02 00:00:00
|w 2026-02-24
|